00586nam a2200205Ia 4500003000400000005001700004008004100021020001500062040001800077041000800095082002100103100002000124245004500144250001200189260004500201300002400246650004800270650002500318650003700343OSt20241128153642.0210716s1984 xx 000 0 und d a0226062782 cAIMIT LIBRARY aeng a808.83 21bBOOW aBooth, Wayne C. aRhetoric of fiction /cBy Wayne C Booth. a1st ed. aChicago :bThe University press ;c1984. a455p. ;bPBc21 cm. aArtistic purity and the rhetoric of fiction aImpersonal narration aMorality of impersonal narration